The theory behind relativity (Record no. 84693)
[ view plain ]
| 000 -LEADER | |
|---|---|
| fixed length control field | 00797cab a22002175a 4500 |
| 001 - CONTROL NUMBER | |
| control field | L158775 |
| 008 - FIXED-LENGTH DATA ELEMENTS--GENERAL INFORMATION | |
| fixed length control field | 150717e20150704xxk 000 0 eng d |
| 035 ## - SYSTEM CONTROL NUMBER | |
| System control number | (Sirsi) u158775 |
| 041 0# - LANGUAGE CODE | |
| Language code of text/sound track or separate title | eng |
| 100 1# - MAIN ENTRY--PERSONAL NAME | |
| Personal name | Hudson, Jeremy |
| 245 04 - TITLE STATEMENT | |
| Title | The theory behind relativity |
| 260 ## - PUBLICATION, DISTRIBUTION, ETC. | |
| Date of publication, distribution, etc. | 2015 |
| 490 ## - SERIES STATEMENT | |
| Series statement | Estates Gazette |
| Volume/sequential designation | (1526) 4 July 2015, 87(1) |
| 520 ## - SUMMARY, ETC. | |
| Summary, etc. | Explains current issues around leasehold relativity. Notes that the long-settled conventional approach to relativity has come under challenge; it remains to be seen if this will prove successful with three test cases being heard in the Upper Tribunal in January 2016. |
| 590 ## - LOCAL NOTE (RLIN) | |
| Local note | KA |
| 651 #4 - SUBJECT ADDED ENTRY--GEOGRAPHIC NAME | |
| Geographic name | United Kingdom |
| 690 ## - LOCAL SUBJECT ADDED ENTRY--TOPICAL TERM (OCLC, RLIN) | |
| Topical term or geographic name as entry element | Landlord and tenant |
| 9 (RLIN) | 6252 |
| 690 ## - LOCAL SUBJECT ADDED ENTRY--TOPICAL TERM (OCLC, RLIN) | |
| Topical term or geographic name as entry element | Leasing/Letting |
| 9 (RLIN) | 6253 |
| 700 1# - ADDED ENTRY--PERSONAL NAME | |
| Personal name | Calland, Tim |
| 942 ## - ADDED ENTRY ELEMENTS (KOHA) | |
| Suppress in OPAC | 0 |
| Withdrawn status | Lost status | Source of classification or shelving scheme | Damaged status | Not for loan | Home library | Current library | Shelving location | Date acquired | Total Checkouts | Full call number | Barcode | Date last seen | Copy number | Price effective from | Koha item type |
|---|---|---|---|---|---|---|---|---|---|---|---|---|---|---|---|
| Dewey Decimal Classification | London | London | Journal article | 17/07/2015 | L158775 | 158775-1001 | 06/08/2019 | 1 | 06/08/2019 | Journal article |